000 00826nam a2200181 a 4500
001 1359
003 CO-ViMGA
008 141112s2004 ck r 000 u spa d
040 _aCO-ViMGA
_bspa
_cCO-ViMGA
082 0 4 _a624.2 R335
245 1 0 _aReflexiones sobre nuestros puentes :
_bprograma Ingenieria XXI
260 _aSantafé de Bogotá :
_bEscuela Colombiana de Ingenieria,
_c1996
300 _a449 p : il
505 _aDiseño de puentes y el argumento estetico 21 - - Diseño y construcción de puentes curvos 107 - - Estudios geotecnicos en la recuperación del puente sobre el río Cobaría 203 - - Análisis y diseño de un puente peatonal atirantado 257 - - Los puentes metálicos : Su historia y experiencia Colombiana 421
590 _aEjemplares : 2
650 1 4 _aPUENTES COLOMBIANOS
_949577
942 _2ddc
_cBK
999 _c13562
_d13562